20 Größte Fußballstadien in Deutschland - Statistiken

Allgemein
  • Dieses Quiz wurde 700 mal gespielt
    236 seit der letzten Aktualisierung
  • Das Durchschnittsergebnis liegt bei 14 aus 20
Antwortstatistiken
# Stadion Stadt Kapazität % Korrekt
2 Allianz Arena München 75.021
100%
3 Olympiastadion Berlin Berlin 74.475
98%
4 Olympiastadion München München 69.250
98%
1 Signal Iduna Park Dortmund 81.365
96%
5 Veltins-Arena Gelsenkirchen 62.271
91%
8 Volksparkstadion Hamburg 57.000
89%
7 Deutsche Bank Park Frankfurt 58.000
82%
16 Weserstadion Bremen 42.100
81%
15 Red-Bull-Arena Leipzig 47.069
80%
11 Rhein-Energie-Stadion Köln 50.000
74%
11 Max-Morlock-Stadion Nürnberg 50.000
68%
10 Borussia-Park Mönchengladbach 54.022
65%
20 Tivoli Aachen 32.960
64%
17 Europa-Park-Stadion Freiburg 34.700
54%
13 Fritz-Walter-Stadion Kaiserslautern 49.850
54%
9 Merkur Spiel-Arena Düsseldorf 54.600
54%
6 MHP-Arena Stuttgart 60.449
54%
14 Heinz-von-Heiden-Arena Hannover 49.200
53%
18 BBBank Wildpark Karslruhe 34.302
47%
19 Mewa-Arena Mainz 33.305
43%
Keine übereinstimmenden Quizze gefunden
Verteilung der Resultate
Anzahl Personen mit jedem Resultat
Perzentil nach korrekt beantworteten Fragen
Ihre Resultats-Entwicklung
Sie haben dieses Quiz seit der letzten Aktualisierung nicht gespielt